| 000 | 00447cam a2200169ua 4500 | ||
|---|---|---|---|
| 020 | _a0-90-78126-19 | ||
| 041 |
_aeng _h |
||
| 082 |
_a028.73634 _bGOR/FR |
||
| 100 | _aGorer, Richard . | ||
| 245 | 0 | 0 |
_aFruit and vegetables from seed: An illustrated dictionary / _cRichard Gorer. _hTextual Documents |
| 250 |
_a1 / _b. |
||
| 260 |
_aLondon : _bTreasure Press , _c1982. |
||
| 300 | _a205 ; . | ||
| 504 | _a | ||
| 942 | _cBK | ||
| 999 |
_c9947 _d9947 |
||